00520nam a2200157Ia 4500008004100000020001400041082002000055100002200075245005500097250001600152260004500168300000900213942001200222999001900234952010900253210430s9999 xx 000 0 und d a1246-1246 a661.804 C5141 C aSami Matar952881 aChemistry of Petrochemical Processes /cSami Matar a2nd edition aPHOTOCOPYbGulf Publishing Companyc2010 a392p cBK2ddc c562377d562377 001040708NFICaSCMEbSCMEcGENd0007-06-11l0o661.804 C5141 CpSCME-1246r2021-04-30w2021-04-30yBK